[Event "Canadian op"]
[Site "Edmonton"]
[Date "2005.07.17"]
[Round "10"]
[White "Dougherty, Michael J"]
[Black "Peterson, Curtis"]
[Result "1-0"]
[WhiteElo "2332"]
[BlackElo "1884"]
[PlyCount "60"]
[EventDate "2005.07.09"]
[EventType "swiss"]
[EventRounds "10"]
[EventCountry "CAN"]
[SourceTitle "CBM 107 Extra"]
[Source "ChessBase"]
[SourceDate "2005.09.01"]
[SourceVersion "1"]
[SourceVersionDate "2005.09.01"]
[SourceQuality "1"]

1. d4 Nf6 2. c4 c5 3. e3 g6 4. Nf3 Bg7 5. Be2 0-0 6. 0-0 cxd4 7. Nxd4 Nc6 8. Nc3 d5 9. c5 Re8 10. b3 e5 11. Nxc6 bxc6 12. Bb2 Qa5 13. Na4 Ne4 14. Qe1 Qd8 15. Rd1 Qe7 16. b4 Bb7 17. f3 Ng5 18. e4 d4 19. Bc1 Ne6 20. Bc4 Bf6 21. g3 Rf8 22. Nb2 Bg5 23. f4 exf4 24. gxf4 Bh4 25. Qe2 g5 26. f5 Nxc5 27. bxc5 Qxc5 28. e5 Qb6 29. e6 c5 30. exf7+ Rxf7 1-0

[Event "Canadian op"]
[Site "Edmonton"]
[Date "2005.07.12"]
[Round "5"]
[White "Peterson, Curtis"]
[Black "Longo, Tyler"]
[Result "0-1"]
[WhiteElo "1884"]
[BlackElo "1733"]
[PlyCount "59"]
[EventDate "2005.07.09"]
[EventType "swiss"]
[EventRounds "10"]
[EventCountry "CAN"]
[SourceTitle "CBM 107 Extra"]
[Source "ChessBase"]
[SourceDate "2005.09.01"]
[SourceVersion "1"]
[SourceVersionDate "2005.09.01"]
[SourceQuality "1"]

1. b3 Nf6 2. Bb2 d5 3. e3 g6 4. f4 Bg7 5. Nf3 c5 6. Be2 Nc6 7. 0-0 0-0 8. Na3 Re8 9. Qe1 a6 10. Qh4 b5 11. d3 Ng4 12. Bxg7 Kxg7 13. Ng5 h5 14. f5 Nxe3 15. fxg6 Nf5 16. Rxf5 Bxf5 17. Nxf7 Qd7 18. Qg5 Bxg6 19. Qh6+ Kxf7 20. Rf1+ Ke6 21. Qxg6+ Ke5 22. Bxh5 Rg8 23. d4+ Kxd4 24. Rd1+ Kc3 25. Qd3+ Kb2 26. c3 b4 27. Qc2+ Kxa3 28. c4 Qh3 29. Rd2 Qe3+ 30. Kh1 0-1

[Event "Canadian op"]
[Site "Edmonton"]
[Date "2005.07.10"]
[Round "2"]
[White "Peterson, Curtis"]
[Black "McGowan, Gary"]
[Result "0-1"]
[WhiteElo "1884"]
[BlackElo "2415"]
[PlyCount "90"]
[EventDate "2005.07.09"]
[EventType "swiss"]
[EventRounds "10"]
[EventCountry "CAN"]
[SourceTitle "CBM 107 Extra"]
[Source "ChessBase"]
[SourceDate "2005.09.01"]
[SourceVersion "1"]
[SourceVersionDate "2005.09.01"]
[SourceQuality "1"]

1. e4 g6 2. f4 Bg7 3. d4 c5 4. c3 cxd4 5. cxd4 Qb6 6. Nf3 Nc6 7. e5 d6 8. Na3 Bg4 9. Nc4 Qc7 10. Be3 d5 11. Ncd2 Nh6 12. Qa4 Bd7 13. Bb5 0-0 14. Nb3 a6 15. Bxc6 Bxc6 16. Qb4 a5 17. Qc3 Rfc8 18. Rc1 b6 19. h3 Qd7 20. Qd2 Bb5 21. Rxc8+ Rxc8 22. g4 e6 23. f5 Bf8 24. a3 Ba6 25. fxe6 fxe6 26. Ng5 Qb5 27. Nc5 bxc5 28. Nxe6 cxd4 29. Nxd4 Qd3 30. Qxd3 Bxd3 31. e6 Bg7 32. Kd2 Be4 33. Rc1 Rxc1 34. Kxc1 Bxd4 35. Bxd4 Kf8 36. Bc5+ Ke8 37. Kd2 a4 38. Kc3 Bg2 39. Kb4 Bxh3 40. g5 Ng8 41. Kxa4 Bxe6 42. Kb4 Kd7 43. Kb5 h5 44. gxh6 Nxh6 45. a4 Nf5 0-1